000 00727nam a22002297a 4500
999 _c12900
_d12900
003 AR-CdUCM
008 190410b ||||| |||| 00| 0 spa d
040 _aMUNICIPALIDAD PROVINCIAL DEL CUSCO
_cBIBLIOTECA MUNICIPAL DEL CUSCO
082 _a813 /
_bS79
100 _aSteinbeck, Jhon
_931021
245 _aEl ómnibus perdido /
260 _aBarcelona :
_bLuis de Caralt,
_c1962.
300 _a231 páginas ;
_c20 cm.
440 _aColección gigante
_912394
505 _aContenido : El texto esta dividido por capítulos ...
650 _aLiteratura
_9416
650 _aNarrativa
_967
650 _aEspañola
_924066
700 _aDiego de la Rosa, Fernando
_931022
942 _2ddc
_cLIBROS
945 _arah
_d10/04/2019